000 00317nam a2200133Ia 4500
008 150201s1996 xx 000 0 und d
082 _a610.7367
_bM95R
100 _aROLLAND , POULETTE D.
245 _aMEDICAL SURGICAL NURSING
260 _bMOSBY
_aUSA
_c1996
300 _a528
650 _aSURGERY
942 _2ddc
_cBK
999 _c1965
_d1965